[Event "JBLN Ost 1819"]
[Site "Germany"]
[Date "2019.03.02"]
[Round "8.1"]
[White "Wiesner, Paula"]
[Black "Gelman, Josef"]
[Result "1-0"]
[WhiteElo "1996"]
[BlackElo "2023"]
[PlyCount "131"]
[EventDate "2018.09.29"]
[EventType "team-tourn"]
[EventRounds "9"]
[EventCountry "GER"]
[SourceTitle "CBM 189 Extra"]
[Source "ChessBase"]
[SourceDate "2019.06.03"]
[SourceVersion "1"]
[SourceVersionDate "2019.06.03"]
[SourceQuality "1"]
[WhiteTeam "Borussia Lichtenberg"]
[BlackTeam "Weisse Dame"]
[WhiteTeamCountry "GER"]
[BlackTeamCountry "GER"]

1. d4 c5 2. Nf3 cxd4 3. Nxd4 e5 4. Nb5 a6 5. Nd6+ Bxd6 6. Qxd6 Qe7 7. Qxe7+ Nxe7 8. e4 Nbc6 9. Bc4 Nd4 10. Na3 b5 11. Bd3 Bb7 12. c3 Ne6 13. 0-0 0-0 14. f3 d5 15. exd5 Nxd5 16. c4 Ndf4 17. Bxf4 Nxf4 18. Be4 Bxe4 19. fxe4 b4 20. Nc2 a5 21. g3 Nd3 22. b3 Nc5 23. Rfe1 Rad8 24. Rad1 Rxd1 25. Rxd1 Nxe4 26. Rd5 Nc3 27. Rxa5 e4 28. Nxb4 Re8 29. Nd5 Ne2+ 30. Kf2 Nd4 31. Ne3 g6 32. Rd5 Nc6 33. a3 f5 34. b4 Ne5 35. Ke2 Nd3 36. Kd2 Ra8 37. Nc2 Kf7 38. c5 Ke6 39. Rd6+ Ke7 40. Kc3 g5 41. Rh6 f4 42. gxf4 gxf4 43. Rxh7+ Kf6 44. c6 f3 45. c7 Ne1 46. Ne3 Ng2 47. Kd4 Nxe3 48. Kxe3 Kg6 49. Rd7 Rxa3+ 50. Kxe4 Rc3 51. c8Q Rxc8 52. Kxf3 Rc4 53. b5 Rb4 54. Rd5 Kf6 55. Kg3 Ke6 56. Rc5 Kf6 57. h4 Rb1 58. h5 Rb3+ 59. Kf4 Rb4+ 60. Ke3 Ke6 61. Kd3 Kd6 62. Rg5 Rh4 63. b6 Kc6 64. Rg6+ Kd7 65. h6 Kc8 66. Ke3 1-0

[Event "JBLN Ost 1819"]
[Site "Germany"]
[Date "2019.01.26"]
[Round "6.1"]
[White "Gericke, Nicholas"]
[Black "Gelman, Josef"]
[Result "0-1"]
[WhiteElo "1842"]
[BlackElo "2027"]
[PlyCount "42"]
[EventDate "2018.09.29"]
[EventType "team-tourn"]
[EventRounds "9"]
[EventCountry "GER"]
[SourceTitle "CBM 189 Extra"]
[Source "ChessBase"]
[SourceDate "2019.06.03"]
[SourceVersion "1"]
[SourceVersionDate "2019.06.03"]
[SourceQuality "1"]
[WhiteTeam "Falkensee Caissa"]
[BlackTeam "Weisse Dame"]
[WhiteTeamCountry "GER"]
[BlackTeamCountry "GER"]

1. e4 c5 2. c3 e5 3. Nf3 Nc6 4. Bc4 Be7 5. d4 cxd4 6. cxd4 exd4 7. Nxd4 Nf6 8. 0-0 0-0 9. Nc3 a6 10. Be3 b5 11. Bd5 Bb7 12. a3 Nxd5 13. Nxd5 Nxd4 14. Qxd4 Rc8 15. Nb6 Bc5 16. Qxc5 Rxc5 17. Bxc5 Re8 18. Rad1 Bxe4 19. Nxd7 Qg5 20. f3 Bc6 21. Bb4 Re2 0-1

[Event "JBLN Ost 1819"]
[Site "Germany"]
[Date "2018.09.29"]
[Round "1.1"]
[White "Gelman, Josef"]
[Black "Schmekel, Florian"]
[Result "0-1"]
[WhiteElo "2023"]
[BlackElo "2102"]
[PlyCount "104"]
[EventDate "2018.09.29"]
[EventType "team-tourn"]
[EventRounds "9"]
[EventCountry "GER"]
[SourceTitle "CBM 189 Extra"]
[Source "ChessBase"]
[SourceDate "2019.06.03"]
[SourceVersion "1"]
[SourceVersionDate "2019.06.03"]
[SourceQuality "1"]
[WhiteTeam "Weisse Dame"]
[BlackTeam "Torgelow"]
[WhiteTeamCountry "GER"]
[BlackTeamCountry "GER"]

1. c4 c5 2. Nf3 Nc6 3. Nc3 g6 4. g3 Bg7 5. Bg2 e6 6. b3 Nge7 7. Bb2 0-0 8. 0-0 d5 9. Na4 b6 10. Bxg7 Kxg7 11. d4 cxd4 12. cxd5 Nxd5 13. Nxd4 Bb7 14. Nxc6 Bxc6 15. Qd4+ Qf6 16. Qxf6+ Kxf6 17. e4 Ne7 18. Rac1 Rac8 19. Rfd1 Bxa4 20. bxa4 Rxc1 21. Rxc1 Rc8 22. Rd1 Rc7 23. h4 Nc8 24. f4 Ke7 25. Rd3 Nd6 26. Kh2 Rc2 27. Kh3 Nb7 28. Ra3 Nc5 29. a5 b5 30. a6 Na4 31. Bf1 Rc3 32. Rb3 Rxb3 33. axb3 Nc3 34. e5 h5 35. g4 hxg4+ 36. Kxg4 b4 37. Bd3 Nd5 38. Be4 Nc3 39. Bd3 Nd1 40. Kg5 Ne3 41. Be4 Nf1 42. Bd3 Nd2 43. Bc2 Nf3+ 44. Kg4 Nd4 45. Bd1 f5+ 46. Kg5 Kf7 47. Kh6 Nb5 48. Be2 Nc3 49. Bc4 Nd5 50. Kg5 Kg7 51. Bb5 Nc3 52. Bc4 Ne4# 0-1

[Event "Berlin Werner Ott op"]
[Site "Berlin"]
[Date "2018.07.07"]
[Round "8"]
[White "Gelman, Josef"]
[Black "Woinowski, Michael"]
[Result "1-0"]
[WhiteElo "1989"]
[BlackElo "1788"]
[PlyCount "73"]
[EventDate "2018.06.30"]
[EventType "swiss"]
[EventRounds "9"]
[EventCountry "GER"]
[SourceTitle "CBM 185 Extra"]
[Source "ChessBase"]
[SourceDate "2018.07.29"]
[SourceVersion "1"]
[SourceVersionDate "2018.07.29"]
[SourceQuality "1"]

1. d4 Nf6 2. Bg5 d5 3. Bxf6 gxf6 4. e3 Bg7 5. c4 c5 6. cxd5 Qxd5 7. Nc3 Qd6 8. Nb5 Qb6 9. dxc5 Qxc5 10. Qd2 Na6 11. Nf3 0-0 12. Be2 Bg4 13. Qd4 Qh5 14. Nc3 e5 15. Qa4 Nc5 16. Qc2 Bf5 17. e4 Bg4 18. 0-0 Rfd8 19. h3 Be6 20. b4 Na6 21. Nd4 Qg5 22. Nxe6 fxe6 23. Qb3 Nc7 24. Nb5 Nxb5 25. Bxb5 Rd6 26. Rad1 Rad8 27. Bc4 Qh5 28. Bxe6+ Kh8 29. Bg4 Qe8 30. Rxd6 Rxd6 31. Rc1 Rd8 32. Rc7 Qf8 33. Rxb7 Bh6 34. Bf5 Bg7 35. Qf7 Qxf7 36. Rxf7 Rb8 37. Rxa7 1-0

[Event "Berlin Werner Ott op"]
[Site "Berlin"]
[Date "2018.07.03"]
[Round "4"]
[White "Krefenstein, Sergej"]
[Black "Gelman, Josef"]
[Result "1/2-1/2"]
[WhiteElo "2119"]
[BlackElo "1989"]
[PlyCount "90"]
[EventDate "2018.06.30"]
[EventType "swiss"]
[EventRounds "9"]
[EventCountry "GER"]
[SourceTitle "CBM 185 Extra"]
[Source "ChessBase"]
[SourceDate "2018.07.29"]
[SourceVersion "1"]
[SourceVersionDate "2018.07.29"]
[SourceQuality "1"]

1. Nf3 Nf6 2. g3 g6 3. Bg2 Bg7 4. 0-0 0-0 5. d3 d5 6. Nbd2 Nc6 7. c3 e5 8. Qc2 Qe7 9. e4 dxe4 10. dxe4 Bd7 11. a4 a5 12. b3 Rfd8 13. Nc4 Nh5 14. Ne3 Be6 15. Ba3 Qd7 16. Rad1 Qe8 17. Ng5 Rxd1 18. Rxd1 Rd8 19. Nxe6 Rxd1+ 20. Qxd1 fxe6 21. Bh3 Nf6 22. Qd3 Kf7 23. Qc4 Qd7 24. Kf1 Nd8 25. Ke2 Bh6 26. f3 Nc6 27. Qc5 b6 28. Qb5 Bxe3 29. Kxe3 Qd1 30. Bf1 Qe1+ 31. Be2 Qxc3+ 32. Qd3 Qa1 33. Qc4 Qxa3 34. Qxc6 Qc5+ 35. Qxc5 bxc5 36. Kd3 Nd7 37. Kc4 c6 38. f4 Kf6 39. Bf1 Ke7 40. fxe5 Kf7 41. Be2 Ke7 42. h3 Kf7 43. h4 h6 44. h5 g5 45. Bd1 Ke7 1/2-1/2

[Event "GER-ch U18"]
[Site "Willingen"]
[Date "2018.05.22"]
[Round "4"]
[White "Ortmeier, Leonhard"]
[Black "Gelman, Josef"]
[Result "1-0"]
[WhiteElo "2141"]
[BlackElo "1962"]
[PlyCount "136"]
[EventDate "2018.05.19"]
[EventType "swiss"]
[EventRounds "9"]
[EventCountry "GER"]
[SourceTitle "CBM 184 Extra"]
[Source "ChessBase"]
[SourceDate "2018.06.28"]
[SourceVersion "1"]
[SourceVersionDate "2018.06.28"]
[SourceQuality "1"]

1. e4 c6 2. d4 d5 3. e5 c5 4. dxc5 e6 5. a3 Bxc5 6. b4 Bb6 7. Nf3 Nd7 8. Bd3 a5 9. Bb2 axb4 10. axb4 Rxa1 11. Bxa1 Qe7 12. Qd2 Nh6 13. 0-0 Nf8 14. g3 Ng6 15. h4 Bd7 16. Na3 Nf5 17. Kg2 h5 18. Ng5 0-0 19. Be2 Bc7 20. f4 Bb6 21. Kh2 Ra8 22. Bb2 Be3 23. Qe1 Bd4 24. c3 Bb6 25. Bxh5 d4 26. cxd4 Bxd4 27. Bxd4 Nxd4 28. Qc3 Nb5 29. Nxb5 Bxb5 30. Rc1 Qd7 31. Rd1 Qc6 32. Qxc6 Bxc6 33. Bxg6 fxg6 34. Nxe6 Ra2+ 35. Kh3 Bg2+ 36. Kg4 Kf7 37. Ng5+ Ke7 38. e6 Bc6 39. h5 Bb5 40. Kh3 gxh5 41. Rc1 Rb2 42. Re1 Be2 43. Ne4 Kxe6 44. Nc3 Rxb4 45. Rxe2+ Kf7 46. Kh4 g6 47. Nd5 Rd4 48. Re7+ Kf8 49. Re5 Kg7 50. Nc3 Kh6 51. Ne4 Rd1 52. Kh3 Re1 53. Ng5 Rxe5 54. Nf7+ Kg7 55. Nxe5 b5 56. Kh4 b4 57. Kg5 b3 58. Nd3 Kh7 59. f5 gxf5 60. Kxh5 Kg7 61. Kg5 Kh7 62. Kxf5 Kh6 63. g4 Kg7 64. g5 Kf7 65. g6+ Kg7 66. Kg5 Kg8 67. Kf6 Kf8 68. g7+ Kg8 1-0

[Event "GER-ch U18"]
[Site "Willingen"]
[Date "2018.05.21"]
[Round "3"]
[White "Gelman, Josef"]
[Black "Schmohel, Andreas"]
[Result "1/2-1/2"]
[WhiteElo "1962"]
[BlackElo "1782"]
[PlyCount "44"]
[EventDate "2018.05.19"]
[EventType "swiss"]
[EventRounds "9"]
[EventCountry "GER"]
[SourceTitle "CBM 184 Extra"]
[Source "ChessBase"]
[SourceDate "2018.06.28"]
[SourceVersion "1"]
[SourceVersionDate "2018.06.28"]
[SourceQuality "1"]

1. d4 Nf6 2. Nf3 e6 3. c4 Bb4+ 4. Nc3 c5 5. e3 Nc6 6. Qc2 0-0 7. Be2 d5 8. dxc5 Bxc5 9. a3 a5 10. 0-0 Qe7 11. Rd1 Rd8 12. b3 d4 13. exd4 Nxd4 14. Nxd4 Bxd4 15. Be3 Bxe3 16. fxe3 Bd7 17. Bf3 Bc6 18. Ne4 Nxe4 19. Bxe4 Bxe4 20. Qxe4 Rxd1+ 21. Rxd1 Rd8 22. Qc2 Qc5 1/2-1/2

[Event "Berlin-ch MT"]
[Site "Berlin"]
[Date "2018.04.04"]
[Round "5"]
[White "Gressmann, Moritz"]
[Black "Gelman, Josef"]
[Result "1/2-1/2"]
[WhiteElo "2119"]
[BlackElo "2007"]
[PlyCount "61"]
[EventDate "2018.03.31"]
[EventType "swiss"]
[EventRounds "9"]
[EventCountry "GER"]
[SourceTitle "EXT 2020"]
[Source "ChessBase"]
[SourceDate "2019.10.17"]
[SourceVersion "1"]
[SourceVersionDate "2019.10.17"]
[SourceQuality "1"]

1. b3 b6 2. Bb2 Bb7 3. Nf3 Nf6 4. d3 d6 5. e4 e5 6. g3 Nbd7 7. Bg2 Be7 8. Nbd2 a5 9. a4 h5 10. Nf1 c5 11. h3 Qc7 12. c4 Nf8 13. Ne3 g6 14. Nd2 N6d7 15. Nd5 Bxd5 16. cxd5 h4 17. Nc4 Nf6 18. f4 N6d7 19. fxe5 Nxe5 20. Nxe5 dxe5 21. Qf3 Nd7 22. 0-0-0 Bg5+ 23. Kc2 hxg3 24. Qxg3 Bf4 25. Qf2 0-0-0 26. h4 Nf6 27. Bf3 Kb8 28. Rdg1 Rh7 29. Qg2 Rdh8 30. Qh3 Ka7 31. Bg4 1/2-1/2